000 00924nam a22002417a 4500
999 _c19486
_d19486
003 AR-CdUCM
008 190517b ||||| |||| 00| 0 spa d
040 _aMUNICIPALIDAD PROVINCIAL DEL CUSCO
_cBIBLIOTECA MUNICIPAL DEL CUSCO
082 _a530 /
_bJ74
100 _aJoseph, Alexander
_940839
245 _aFísica programada /
260 _aMéxico :
_bLimusa-Wiley,
_c1969.
300 _a383 paginas ;
_bIlustraciones plegables,
_c29 cm.
505 _aContenido : v.1: Cinemática -- Vectores, fuerzas y leyes de Newton del movimiento -- Peso, campo gravitacional, caída libre -- Movimiento no uniformemente acelerado --Impulso y cantidad de movimiento...
650 _aFuerza total
_940840
650 _aMovimiento planetrio
_940841
650 _aCinética
_918809
650 _aFísica
_92382
650 _aVectores
_919475
700 _aLeahy, Daniel
_940842
942 _2ddc
_cLIBROS
945 _awnts
_d2019-05-17